Giovani blues - Under 25

Saved in:
Bibliografiske detaljer
Hovedforfatter: Tondelli Pier Vittorio
Format: Bog
Sprog:ukendt sprog
Udgivet: Bologna Transeuropa 1988
Tags: Tilføj Tag
Ingen Tags, Vær først til at tagge denne postø!

MARC

LEADER 00000nam a2200000Ia 4500
001 216
003 NUMERAZIONE-ORIGINALE-BRESCIA
005 20260206230750.0
008 260206s9999 xx 000 0 und d
100 |a Tondelli Pier Vittorio 
245 0 |a Giovani blues - Under 25 
260 |a Bologna 
260 |b Transeuropa 
260 |c 1988 
500 |a Racconti (progetto di P.V. Tondelli) 
942 |2 ddc  |c BK  |n 0 
952 |0 0  |1 0  |2 ddc  |4 0  |6 15  |7 0  |9 28416  |a BS  |b BS  |d 2026-02-06  |i 216  |l 0  |o 1-5-*  |r 2026-02-06 22:40:34  |w 2026-02-06  |x [REVISIONARE]  |y BK 
999 |c 24097  |d 24097